000 00762nam a2200229 a 4500
001 000034437
005 20200930073711.0
008 111004s2010 sp 000 0 spa d
020 _a9788466369541
040 _aDO-SdBNP
_bspa
_cBNPHU
082 _a468.1
_bL431n
100 1 _aLázaro Carreter, Fernando,
_d1923-2004.
_916952
245 1 0 _aEl nuevo dardo en la palabra /
_cFernándo Lázaro Carreter.
250 _a2a. ed.
260 _aMadrid :
_bSantillana Ediciones Generales,
_c2010.
300 _a289 p. ;
_c21 cm.
490 1 _aPunto de Lectura ;
_v189/1
500 _aIncluye datos biográficos del autor
650 4 _aIdioma español
_xVocabulario
_959865
650 4 _aUso de la lengua española
_959866
830 0 _aPunto de Lectura ;
_n189/1
_959867
999 _c33928
_d33928